[Event "Schleswig-Holstein-ch Kandidaten"]
[Site "Bad Segeberg"]
[Date "2018.03.29"]
[Round "8"]
[White "Haversick, Axel"]
[Black "Weyland, Karsten"]
[Result "0-1"]
[WhiteElo "1767"]
[BlackElo "1746"]
[PlyCount "84"]
[EventDate "2018.03.24"]
[EventType "swiss"]
[EventRounds "9"]
[EventCountry "GER"]
[SourceTitle "EXT 2023"]
[Source "ChessBase"]
[SourceDate "2022.10.05"]
[SourceVersion "1"]
[SourceVersionDate "2022.10.05"]
[SourceQuality "1"]

1. e4 e6 2. d4 d5 3. Nc3 Nf6 4. e5 Nfd7 5. Nf3 c5 6. Bg5 Qb6 7. Na4 Qa5+ 8. Nc3 cxd4 9. Nxd4 Nxe5 10. Nb3 Qb6 11. Be3 Qd8 12. Qd4 Nbc6 13. Bb5 Bd7 14. Qf4 Ng6 15. Qg3 a6 16. Bd3 Nb4 17. Bxg6 hxg6 18. 0-0-0 Bb5 19. Rhe1 Bd6 20. Bf4 Bxf4+ 21. Qxf4 Rh4 22. g4 Bc4 23. a3 Nc6 24. Nd2 g5 25. Qg3 Qa5 26. Nf3 Rh6 27. h4 gxh4 28. Nxh4 d4 29. Ne4 0-0-0 30. g5 Rhh8 31. Nf3 Qc7 32. Qg4 Kb8 33. b3 Bxb3 34. Nc5 Bc4 35. Nd3 Bxd3 36. Rxd3 Rhe8 37. Nxd4 Nxd4 38. Rxd4 Qc5 39. Rxd8+ Rxd8 40. Re3 Rc8 41. Qe4 Qxg5 42. Kb2 Qf6+ 0-1

[Event "Schleswig Holstein-ch Hauptturnier"]
[Site "Ratzeburg"]
[Date "2017.04.12"]
[Round "6.4"]
[White "Beyer, Mirko"]
[Black "Weyland, Karsten"]
[Result "0-1"]
[WhiteElo "1683"]
[BlackElo "1723"]
[PlyCount "78"]
[EventDate "2017.04.08"]
[EventType "swiss"]
[EventRounds "9"]
[EventCountry "GER"]
[SourceTitle "EXT 2022"]
[Source "ChessBase"]
[SourceDate "2021.10.06"]
[SourceVersion "1"]
[SourceVersionDate "2021.10.06"]
[SourceQuality "1"]

1. e4 e6 2. d4 d5 3. exd5 exd5 4. Bd3 Bd6 5. Ne2 Bg4 6. Nbc3 c6 7. Be3 Nf6 8. Qd2 Nbd7 9. h3 Be6 10. Nf4 Qc7 11. Nxe6 fxe6 12. Ne2 e5 13. c3 e4 14. Bc2 0-0 15. Bf4 Rae8 16. Bxd6 Qxd6 17. Qe3 Nb6 18. Bb3 a5 19. a4 Nc4 20. Bxc4 dxc4 21. 0-0 Nd5 22. Qg3 Qe6 23. Rae1 Rf6 24. Qg4 Qf7 25. Ng3 Rf4 26. Qe2 e3 27. f3 Qg6 28. Ne4 Rh4 29. Kh1 Nf4 30. Qc2 Nxh3 31. Rxe3 Nf4+ 32. Kg1 Qh6 33. Nf6+ gxf6 34. Rxe8+ Kf7 35. Re4 Rh1+ 36. Kf2 Rxf1+ 37. Kxf1 Qh1+ 38. Kf2 Qxg2+ 39. Ke3 Nd5# 0-1